| 000 | 00659cab a22001935a 4500 | ||
|---|---|---|---|
| 001 | L146490 | ||
| 008 | 090126e20090123xxk f 000 0 eng d | ||
| 035 | _a(Sirsi) u146490 | ||
| 041 | 0 | _aeng | |
| 100 | 1 | _aLever, Jon | |
| 245 | 0 | 0 | _aAPC advice |
| 260 | _c2009 | ||
| 490 | 0 |
_aProperty Week _v75(4) 23 January 2009, 48(1) |
|
| 520 | _aExplains the main changes to the RICS UK APC updated submission templates. Notes that old templates have been incorporated, but some have been merged. | ||
| 590 | _aKA | ||
| 651 | 4 |
_aUnited Kingdom _y |
|
| 690 | _aCAREERS, EDUCATION AND TRAINING-QUALIFICATION ROUTES-ASSESSMENT OF PROFESSIONAL COMPETENCE | ||
| 942 | _n0 | ||
| 999 |
_c81167 _d81167 |
||